MDQL
is popping MORE tags! Check the
thread
!
Quizzes
Events
Quiz Creation
Community
Videos
Private Events
Remove Ads
Sign In
Join for FREE
Feedback
Dark Mode
Quiz Categories
Sports
Geography
Music
Movies
Television
Just For Fun
Miscellaneous
History
Literature
Language
Science
Gaming
Entertainment
Religion
Holiday
For Kids
Quiz Lab
Recent
Popular Today
Quiz Kudos Today
Editor Picks
Curator Picks
Quizzes by...
Day
Popularity
Type
Ratings
Length
Year
Community
Subscriptions
Recent Discussions
Orange Saloon
Badges
Playlists
Quests
Create
Leaderboards
Showdown
Live 5
Trivia Bingo
Activity
Puzzle Library
Sporcle Events
Private Events
Virtual Trivia
Globe League
Become a Host
Pub Owners
SporcleCon
Opinionation
Our Games
Videos
Blog
Mobile Apps
Partnerships
Remove Ads and Go Orange
Feedback
Sports
Athletes
MLB
NBA
NHL
NFL
Soccer
Sports Teams
WWE
NCAA
Football
Premier League
Basketball
Baseball
Hockey
Golf
Tennis
Cricket
Rugby
Auto Racing
Olympics
World Cup
Sports
Athletes
MLB
NBA
NHL
NFL
Soccer
Sports Teams
WWE
NCAA
Football
Premier League
Basketball
Baseball
Hockey
Golf
Tennis
Cricket
Rugby
Auto Racing
Olympics
World Cup
Random Quiz
Search Sporcle
×
Quiz Lab
Quiz Lab
Sports
MLB
Type in answers that appear in a list
Type in answers that appear in a list
Classic
Best Score? Go Orange.
MLB All-Time Stadiums Stats
Can you name the every stadium every MLB team has played home games in?
By
bayers
15m
124 Questions
227 Plays
227 Plays
227 Plays
Comments
Comments
Give Quiz Kudos
Give Quiz Kudos
-
- Ratings
hide this ad
More Info
Replay
Link that replays current quiz
Next Quiz
Link to next quiz in quiz playlist
You Got
0%
They Got
Avg Score
62%
Avg Friend Score
Upgrade to see
Score Distribution
Jump to the score distribution portion of the page
Score
0/124
Timer
15:00
0
Plays Today
Team
Stadium
% Correct
Angels
Wrigley Field - Los Angeles
96.9%
Cubs
Wrigley Field
96.9%
Yankees
Yankee Stadium
95.6%
Yankees
Yankee Stadium
95.6%
Cardinals
Sportsman's Park
95.1%
Orioles
Sportsman's Park
95.1%
Cardinals
Busch Stadium
94.7%
Cardinals
Busch Stadium
94.7%
Dodgers
Dodger Stadium
94.7%
Mets
Shea Stadium
94.2%
Yankees
Shea Stadium
94.2%
Astros
Astrodome
93.8%
Tigers
Tiger Stadium
92.5%
Astros
Minute Maid Park
91.6%
Braves
Turner Field
91.6%
Twins
Hubert H. Humphrey Metrodome
91.6%
Braves
Fenway Park
91.2%
Mets
Citi Field
91.2%
Red Sox
Fenway Park
91.2%
Blue Jays
Rogers Centre
88.9%
Indians
Progressive Field
88.9%
Royals
Kauffman Stadium
88.9%
Mariners
King County Domed Stadium
88.5%
Giants
Polo Grounds
88.5%
Giants
Polo Grounds
88.5%
Giants
Polo Grounds
88.5%
Giants
Polo Grounds
88.5%
Mets
Polo Grounds
88.5%
Yankees
Polo Grounds
88.5%
Orioles
Oriole Park at Camden Yards
87.6%
White Sox
U.S. Cellular Field
87.6%
Mariners
Safeco Field
87.2%
Rays
Tropicana Field
87.2%
Pirates
Three Rivers Stadium
86.7%
Brewers
Miller Park
86.3%
Braves
Atlanta-Fulton County Stadium
85.8%
Rockies
Coors Field
85.8%
Dodgers
Ebbets Field
85.4%
White Sox
Comiskey Park
85.4%
Phillies
Veterans Stadium
84.1%
Padres
PETCO Park
83.6%
Marlins
Sun Life Stadium
83.2%
Team
Stadium
% Correct
Giants
AT&T Park
82.7%
Giants
Candlestick Park
82.7%
Diamondbacks
Chase Field
81.9%
Reds
Riverfront Stadium
81%
Tigers
Comerica Park
80.5%
Twins
Target Field
80.5%
Nationals
RFK Memorial Stadium
80.1%
Padres
Qualcomm Stadium
80.1%
Rangers
RFK Stadium
80.1%
Rangers
Rangers Ballpark in Arlington
80.1%
Pirates
PNC Park
79.6%
Twins
Griffith Stadium
79.6%
Angels
Angel Stadium of Anaheim
77.9%
Reds
Great American Ball Park
77.4%
A's
Oakland-Alameda County Coliseum
77%
Nationals
Olympic Stadium
77%
Rockies
Mile High Stadium
77%
Indians
Cleveland Stadium
75.7%
Twins
National Park
73.9%
Nationals
Nationals Park
70.4%
Phillies
Citizens Bank Park
70.4%
Braves
Milwaukee County Stadium
69.5%
Brewers
Milwaukee County Stadium
69.5%
White Sox
Milwaukee County Stadium
69.5%
A's
Shibe Park
67.7%
Phillies
Connie Mack Stadium
67.7%
Orioles
Memorial Stadium
66.8%
Dodgers
Los Angeles Memorial Coliseum
63.7%
Rangers
Arlington Stadium
60.2%
Reds
Crosley Field
59.7%
Pirates
Forbes Field
58.8%
A's
Municipal Stadium
58.4%
Royals
Municipal Stadium
58.4%
Giants
Oakland Park (New Jersey)
58%
Blue Jays
Exhibition Stadium
54.9%
Braves
Braves Field
50.9%
Cardinals
Sportsman's Park
50.9%
Twins
Metropolitan Stadium
49.6%
Nationals
Hiram Bithorn Stadium (San Juan)
47.8%
Astros
Colt Stadium
44.7%
Phillies
Baker Bowl
44.7%
Yankees
Oriole Park
44.2%
Team
Stadium
% Correct
Nationals
Jarry Park
43.8%
Rangers
Griffith Stadium
43.4%
Reds
League Park
41.2%
Cardinals
Robison Field
39.8%
Reds
Palace of the Fans
39.8%
Angels
Chavez Ravine
38.9%
Indians
League Park
38.5%
Reds
League Park
38.5%
Brewers
Sick's Stadium
35%
Giants
Hilltop Park
34.1%
Yankees
Hilltop Park
34.1%
White Sox
South Side Park
31.9%
Cubs
South Side Park
31.4%
Giants
Seals Stadium
31.4%
Red Sox
Huntington Avenue Baseball Grounds
31%
Cubs
West Side Park
29.6%
Cubs
West Side Park
29.6%
Pirates
Exposition Park
27.9%
Pirates
Exposition Park
27.9%
Twins
American League Park
27.4%
Tigers
Bennett Park
24.8%
Cubs
Lakefront Park II
22.6%
Cubs
Lakefront Park
22.6%
Braves
South End Grounds
22.1%
Phillies
Recreation Park
22.1%
Pirates
Recreation Park
22.1%
Cubs
23rd Street Grounds
21.7%
Dodgers
Washington Park
20.4%
Dodgers
Washington Park
20.4%
Cubs
Union Base-Ball Grounds
19%
Tigers
Boulevard Park
18.1%
Tigers
Burns Park
18.1%
Dodgers
Eastern Park
17.7%
A's
Columbia Park
17.3%
Braves
Congress Street Grounds
16.4%
Reds
Bank Street Grounds
13.7%
Giants
St. George Grounds
12.4%
Orioles
Borchert Field
11.9%
Dodgers
Ridgewood Park
11.5%
Orioles
Lloyd Street Grounds
7.5%
Quiz Playlist
Details
Report
Send in Message
Add To Playlist
More Info:
The stadiums are arranged by current franchise name. Ex. All the Expos stadiums are listed under Nationals
Classic:
Type in answers that appear in a list
Last Updated: Feb 16, 2017
Quiz Scoreboard
CHALLENGE
Sign Up to Join the Scoreboard
Show All
Scores
Hide
Comments
May contain spoilers
Recently Published
Image Sorting: Flags VI
by Barbecue
Geography
2m
Find the 'City' Movie
by crazypaving
Movies
60s
Colored Red Africa Blitz
by spor1
Geography
45s
More to Explore
Quiz From the Vault
Featured Blog Post
14 Easter Pick-up Lines to Find Eggs With
hide this ad
You Might Also Like...
Tags
Baseball Quiz
Board Games Quiz
MLB Quiz
home
Stadiums
team
Today's Top Quizzes in Sports
Browse Sports
hide this ad
Today's Top Quizzes in MLB
Browse MLB
Top Contributed Quizzes in Sports
1
Les meilleurs buteurs des matchs entre le PSG et l’OM
2
Les entraîneurs de l'OM et du PSG au 21e siècle
3
Les joueurs passés par le PSG et l'OM
4
2022 World Cup Stars
5
Players with Multiple 50 Home Run Seasons
6
Criteria MLB: Left Handed Sluggers
7
Les joueurs passés par le LOSC et le RC Lens
8
NBA Logic Puzzle 2.0
9
MLB Players with Two .350 Batting Average Seasons
10
FIFA Club World Cup Champions
Explore More
Trending Topics
Disney
Crossword
NBA
Anime
Harry Potter
Kpop
Marvel
The Office
Song
NFL
Puzzle
WWE
Country
Soccer
Pokémon
hide this ad
More By:
bayers
Quiz
Plays
Rating
Category
Featured
Created
60 Second Blitz: U.S. Presidents
2,989
3.88
History
May 24, 2010
MLB All-Time Stadiums
227
5.00
Sports
Apr 22, 2010
World Cup Champions
109
2.67
Sports
Apr 14, 2010
English beginning with 'un' through 'und'
42
Language
Aug 15, 2010
Go to Creator's Profile
Score Distribution
Quiz Creator Spotlight
bayers
Follow
Send a Message
Quizzes Created
-
Created Quiz Play Count
-
More By This Creator
Popular Quizzes Today
1
Colored Red Africa Blitz
2
Find the US States - No Outlines Minefield
3
Find the 'City' Movie
4
5x2 Blitz: Bands
5
The Countries of the World
6
Find the US States
7
Find the Countries of Europe - No Outlines Minefield
8
US States
More Sports Quizzes
NFL by Mardi Gras Beads
Published
Trending Quizzes
Colored Red Europe Blitz I
Colored Red Europe Blitz II
Colored Red Africa Blitz II
Colored Red Europe Blitz III
Colored Red Africa Blitz III
Recently Updated
How Do You Spell That?
pecheneg
Godzilla Movies
pecheneg
Grab Bag: 4-10 Letters
pecheneg
2024 March Madness Bracket
pecheneg
Famous TV Couples
Peacemaker
Champions League XIs: Real Madrid
pecheneg
Largest US Cities 1790-2010
pecheneg
Rides in Walt Disney World
pecheneg
Most Oscar Losses (Acting)
pecheneg
Beyoncé Albums
pecheneg
Trending Topics
Harry Potter
Disney
Marvel
Anime
Kpop
Crossword
NBA
Soccer
Puzzle
The Office
Pokémon
Country
WWE
NFL
Song
Your Account Isn't Verified!
In order to create a playlist on Sporcle, you need to verify the email address you used during registration. Go to your
Sporcle Settings
to finish the process.
Report this User
Report this user for behavior that violates our
Community Guidelines
.
Details:
Send Report
Go to the Sporcle.com Mobile Site →
Comments